000 00662nam a2200253Ia 4500
003 OSt
005 20220918223809.0
006 a|||||r|||| 00| 0
007 ta
008 220917b |||||||| |||| 00| 0 eng d
024 _a225,168
037 _cTextual
040 _aARTS
_cARTS
_beng
041 _2eng
_aeng
082 _aO111,3L75,11, K3
100 _aAusten Jane
_911904
245 0 _aPride and prejudice
260 _aNew Delhi
_bUBSPD India
_c1963
300 _axxiv, 454p.
_ccm.
500 _aRep. of 1994
650 _aENGLISH LITERATURE
942 _hO111,3L75,11, K3
_cTEXL
_2CC
999 _c279486
_d279486